Harry potter ravenclaws Quiz Stats

 Plays Quiz not verified by Sporcle

Support Sporcle.
Go Orange.
Score 0/28 Timer 07:00
0 Plays Today
Hint Answer % Correct
R.R (founder)rowena ravenclaw
92.1%
L.L ('You're just as sane as I am')luna lovegood
92.1%
H.R(founder's daughter)helena ravenclaw
86.8%
F.F (charms)filius flitwick
84.2%
C.C (quidditch seeker)cho chang
84.2%
P.P (parvatis twin)padma patil
81.6%
Q.Q (DADA 1st book)quirinus quirrell
78.9%
G.L (good at memory charms)gilderoy lockhart
71.1%
T.B (in DA)terry boot
71.1%
S.T (divination)sybill trelawney
68.4%
P.C (percy's girlfriend)penelope clearwater
68.4%
M.C (ginny's boyfriend order of phoenix)michael corner
68.4%
M.E (cho's friend)marietta edgecombe
65.8%
A.G (in DA)anthony goldstein
65.8%
Hint Answer % Correct
R.D (yule ball with fleur)roger davies
63.2%
G.O (wandmaker)garrick ollivander
60.5%
M.W (girls toilet 2nd book)myrtle warren
55.3%
M.B (Damocles' nephew)marcus belby
36.8%
U.t.O( jelly fish hat)uric the oddball
28.9%
S.F (yule ball with stebbins)s.fawcett
13.2%
D.I (quidditch beater)duncan inglebee
10.5%
I.W ( invented floo powder)ignatia wildsmith
7.9%
L.d.M (love potions)laverne de montmorency
5.3%
B.F (headmaster)basil fronsac
5.3%
G.P (quidditch keeper)grant page
5.3%
J.S (quidditch beater)jason samuels
5.3%
J.S (quidditch chaser)jeremy stretton
5.3%
P.F (lunascope)perpetua fancourt
2.6%

You're not logged in!

Compare scores with friends on all Sporcle quizzes.
OR
Log In

From the Vault

Kennedy Kids

by HenryFieldstone

In honor of the late Senator Kennedy and his family.
Remove Ads.
Support Sporcle.
Get the best of Sporcle when you Go Orange. This ad-free experience offers more features, more stats, and more fun while also helping to support Sporcle. Thank you for becoming a member.

Show Comments

Extras

Created Jan 29, 2016ReportNominate

Top Quizzes Today


Score Distribution

Your Account Isn't Verified!

In order to create a playlist on Sporcle, you need to verify the email address you used during registration. Go to your Sporcle Settings to finish the process.

Report this User

Report this user for behavior that violates our Community Guidelines.

Details: